000 01213cam a2200313 a 4500
999 _c17021
_d17021
001 3071431
005 20161121102539.0
008 970703s1998 mauab b 001 0 eng
010 _a 97027277
020 _a1883280117 (hardback)
020 _a1883280109 (pbk.)
040 _aDLC
_cDLC
_dDLC
043 _ae-ne---
050 0 0 _aNK4108.G6
_bR58 1998
082 0 0 _a738.3/7
_221
100 1 _aRitvo, Phyllis T.
_q(Phyllis Tater),
_d1937-
245 1 4 _aThe world of Gouda pottery /
_cPhyllis T. Ritvo ; photography by Gene Ritvo.
246 3 0 _aGouda pottery
260 _aWeston, Mass. :
_bFont & Center Press,
_cc1998.
300 _ax, 182 p. :
_bill. (some col.), col. map ;
_c30 cm.
504 _aIncludes bibliographical references (p. 170-171) and index.
650 0 _aPottery
_zNetherlands
_zGouda.
700 1 _aRitvo, Gene,
_d1935-
906 _a7
_bcbu
_corignew
_d1
_eocip
_f19
_gy-gencatlg
942 _2lcc
_cBOOKS
_hNK4108.G6 R58 1998